000 00272nam a2200109Ia 4500
008 200302s9999 xx 000 0 und d
100 _aOrson s. Fowler
245 _aThe Octagon House A Home for All
260 _bDover Publications Inc.
260 _c1973
300 _a192 P.,
999 _c2198
_d2198